[Event "zt 3.1a"]
[Site "Dubai UAE"]
[Date "2003.10.06"]
[Round "1"]
[White "Hassan,Ab"]
[Black "Ayyad,M"]
[Result "1-0"]
[WhiteElo "2359"]
[BlackElo "2092"]

1.d4 d5 2.Nf3 e6 3.c4 Nf6 4.Nc3 Be7 5.Bf4 O-O 6.e3 b6 7.Rc1 Bb7 8.Bd3 c5
9.O-O Nc6 10.cxd5 exd5 11.Ne5 Nxe5 12.dxe5 Ne8 13.Qc2 h6 14.Rfd1 Nc7 15.Be4 Qd7
16.Rd2 Rad8 17.Rcd1 Qe6 18.Bf3 Ba8 19.Bg3 g6 20.Ne2 g5 21.h3 Rfe8 22.Bh2 Bf8
23.Ng3 Bg7 24.Nf5 Qg6 25.e4 d4 26.Nxd4 cxd4 27.Qxc7 Bxe4 28.Bxe4 Qxe4 29.Qxa7 f6
30.f3 Qe3+ 31.Kf1 d3 32.Qa4 fxe5 33.Rxd3 Rxd3 34.Qxe8+ Kh7 35.Re1 Qd2 36.Qa4 Rd4
37.Qa3 Rc4 38.Qe3 Qxe3 39.Rxe3 Rc2 40.Re2 Rc5 41.b3 Kg6 42.Ke1 Kf5 43.Kd2 h5
44.g4+ hxg4 45.hxg4+ Ke6 46.Bg1 Rd5+ 47.Kc2 b5 48.Be3 Bf6 49.Rh2 Rd7 50.Rh6 Kf7
51.Rh7+ Bg7 52.Rh5 Rc7+ 53.Kd3 b4 54.Rxg5 Rc3+ 55.Kd2  1-0

[Event "EuTCh"]
[Site "Plovdiv BUL"]
[Date "2003.10.11"]
[Round "1"]
[White "Gagunashvili,M"]
[Black "Sammalvuo,T"]
[Result "1-0"]
[WhiteElo "2582"]
[BlackElo "2447"]

1.d4 d5 2.c4 e6 3.Nc3 Be7 4.Nf3 Nf6 5.Bf4 O-O 6.e3 c5 7.dxc5 Bxc5 8.cxd5 Nxd5
9.Nxd5 exd5 10.a3 Nc6 11.Bd3 Bb6 12.O-O Bg4 13.h3 Bh5 14.b4 Re8 15.Rc1 d4
16.g4 Bg6 17.Bxg6 hxg6 18.b5 Ne7 19.exd4 Qd5 20.a4 a6 21.Re1 axb5 22.Re5 Qd6
23.Rf5 Qe6 24.Ng5 Qd7 25.Rxf7 Qxd4 26.Rxg7+ Qxg7 27.Qb3+ Nd5 28.Qxd5+ Kh8
29.axb5 Bxf2+ 30.Kxf2 Rf8 31.Ne6 Qb2+ 32.Kg3 Ra3+ 33.Kh4 Qf6+ 34.Qg5 Qxe6
35.Qe5+ Qxe5 36.Bxe5+ Kg8 37.Bd6 Rb3 38.Bxf8 Kxf8 39.Kg5 Rxh3 40.Kxg6 Rb3
41.Rc8+ Ke7 42.Rc7+ Ke6 43.Rxb7 Ke5 44.g5 Ke6 45.Kg7 Kf5 46.g6 Kg5 47.b6 Rb1
48.Ra7 Rxb6 49.Ra5+  1-0

[Event "1st Israel Int Op"]
[Site "Ashod ISR"]
[Date "2003.10.12"]
[Round "1"]
[White "Greenfeld,A"]
[Black "Porat,I"]
[Result "1/2-1/2"]
[WhiteElo "2527"]
[BlackElo "2255"]

1.Nf3 d5 2.d4 Nf6 3.c4 e6 4.Nc3 Be7 5.Bf4 O-O 6.e3 c5 7.dxc5 Bxc5 8.cxd5 exd5
9.Be2 Nc6 10.O-O Be6 11.Rc1 Bd6 12.Bg5 h6 13.Bh4 Be7 14.Qa4 Qb6 15.Qb5 Qxb5
16.Nxb5 Rac8 17.Nfd4 Nxd4 18.Nxd4 Rxc1 19.Rxc1 Rc8 20.Rxc8+ Bxc8 21.Bd1 Kf8
22.Bb3 Be6 23.f3 Nd7 24.Bg3 Nb6 25.e4 Bc5 26.Bf2 Bxd4 27.Bxd4 dxe4 28.Bxe6 fxe6
29.fxe4 Nc8 30.Kf2 a6 31.g4 Ne7 32.h4 Nc6 33.Bc3 e5 34.h5 Kf7 35.Kg3 g5 36.hxg6+ Kxg6
37.Kf2  1/2-1/2

[Event "EuTCh"]
[Site "Plovdiv BUL"]
[Date "2003.10.12"]
[Round "2"]
[White "Aleksandrov,A"]
[Black "Atalik,S"]
[Result "1-0"]
[WhiteElo "2664"]
[BlackElo "2570"]

1.d4 d5 2.c4 e6 3.Nc3 Be7 4.Nf3 Nf6 5.Bf4 O-O 6.e3 Nbd7 7.c5 c6 8.Bd3 Nh5
9.h3 Nxf4 10.exf4 b6 11.b4 a5 12.a3 Ba6 13.Bxa6 Rxa6 14.g3 Qa8 15.O-O Rb8
16.Kg2 axb4 17.axb4 bxc5 18.bxc5 Bd8 19.Rb1 Ra3 20.Qc2 Rxb1 21.Rxb1 f6 22.Qb2 Ra7
23.Ne2 Bc7 24.Nc1 e5 25.fxe5 fxe5 26.Nxe5 Bxe5 27.dxe5 Nxc5 28.Qb6 Nd7 29.Qe3 c5
30.Kg1 d4 31.Qb3+ Kf8 32.Nd3 Ra3 33.Qe6 Qe8 34.Qf5+ Qf7 35.Qxh7 Rxd3 36.Qxd3 Qd5
37.Re1 Ke7 38.Qg6 d3 39.e6 Ne5 40.Rxe5  1-0

[Event "EuTCh"]
[Site "Plovdiv BUL"]
[Date "2003.10.14"]
[Round "4"]
[White "Sakalauskas,V"]
[Black "Vouldis,A"]
[Result "0-1"]
[WhiteElo "2423"]
[BlackElo "2528"]

1.d4 d5 2.c4 e6 3.Nc3 Be7 4.Nf3 Nf6 5.Bf4 O-O 6.e3 c5 7.dxc5 Bxc5 8.a3 Nc6
9.cxd5 Nxd5 10.Nxd5 exd5 11.Bd3 Bb6 12.O-O Bg4 13.h3 Bh5 14.b4 a6 15.Rc1 d4
16.g4 Bg6 17.e4 Rc8 18.Nd2 Re8 19.Bg3 Qd7 20.f4 f6 21.Qf3 Bf7 22.Kg2 Ne7
23.Bc4 Bxc4 24.Nxc4 Bc7 25.Qd3 Nc6 26.Nd2 Rcd8 27.Rfd1 Bb6 28.Re1 Re7 29.Nb3 Na7
30.Nc5 Bxc5 31.Rxc5 Nb5 32.f5 Rc8 33.Rd1  0-1

[Event "1st Samba Cup"]
[Site "Skanderborg DEN"]
[Date "2003.10.14"]
[Round "5"]
[White "Sasikiran,K"]
[Black "Short,N"]
[Result "0-1"]
[WhiteElo "2679"]
[BlackElo "2701"]

1.Nf3 d5 2.d4 Nf6 3.c4 e6 4.Nc3 Be7 5.Bf4 O-O 6.e3 c5 7.dxc5 Bxc5 8.a3 Nc6
9.Be2 dxc4 10.Bxc4 Nh5 11.Bg5 Be7 12.h4 f6 13.Bf4 Nxf4 14.exf4 Kh8 15.Qe2 e5
16.Rd1 Qe8 17.h5 Bg4 18.Nh4 Bxe2 19.Ng6+ Qxg6 20.hxg6 Bxc4 21.Rxh7+ Kg8  0-1

[Event "YM"]
[Site "Zug SUI"]
[Date "2003.10.16"]
[Round "10"]
[White "Flumbort,A"]
[Black "Buss,R"]
[Result "1-0"]
[WhiteElo "2467"]
[BlackElo "2267"]

1.d4 Nf6 2.c4 e6 3.Nf3 d5 4.Nc3 Be7 5.Bf4 O-O 6.e3 Nbd7 7.c5 c6 8.h3 b6 9.b4 a5
10.a3 Bb7 11.Bd3 Qc8 12.Rc1 axb4 13.axb4 Ra3 14.Qe2 Qa8 15.Qb2 Ra7 16.O-O Rc8
17.Ra1 Ba6 18.b5 cxb5 19.c6 Qxc6 20.Nxb5 Raa8 21.Rfc1 Bxb5 22.Rxc6 Bxc6 23.Ba6 Re8
24.Qc1 Rxa6 25.Rxa6 Bb5 26.Ra7 Bc4 27.Qa1 b5 28.Ne5 Nf8 29.Nc6 Ng6 30.Nxe7+ Nxe7
31.Ra8  1-0

[Event "EuTCh"]
[Site "Plovdiv BUL"]
[Date "2003.10.17"]
[Round "6"]
[White "Kempinski,R"]
[Black "Azarov,S"]
[Result "1-0"]
[WhiteElo "2561"]
[BlackElo "2542"]

1.d4 Nf6 2.c4 e6 3.Nf3 d5 4.Nc3 Be7 5.Bf4 O-O 6.e3 c5 7.dxc5 Bxc5 8.cxd5 Nxd5
9.Nxd5 exd5 10.a3 Nc6 11.Bd3 Bb6 12.O-O d4 13.Qc2 h6 14.e4 Be6 15.b4 Qf6
16.Bg3 Bg4 17.Nd2 Rac8 18.Nc4 Bc7 19.f4 b5 20.Nb2 Bb6 21.Qd2 Qe7 22.Kh1 a6
23.e5 f5 24.Rac1 Kh8 25.Bb1 Bh5 26.Rfe1 Qe6 27.Nd3 Bf7 28.Nc5 Bxc5 29.Rxc5 Qd7
30.Bf2 Bd5 31.h3 Qe6 32.Kh2 Rcd8 33.Bd3 Nb8 34.Bh4 Rde8 35.Qf2 Nc6 36.Rec1 Rc8
37.Qc2 Bb3 38.Qb2 Bd5 39.a4 Be4 40.axb5 axb5 41.Bxb5 d3 42.Qd2 Nxb4 43.Qxb4 Qa2
44.Rg1 Rb8 45.Rc7 Rf7 46.Bc4 Qa8 47.Qc5 Rxc7 48.Qxc7 Rc8 49.Qf7 Rf8 50.Qd7  1-0

[Event "EuTCh"]
[Site "Plovdiv BUL"]
[Date "2003.10.18"]
[Round "7"]
[White "Van Wely,L"]
[Black "Halkias,S"]
[Result "1-0"]
[WhiteElo "2654"]
[BlackElo "2546"]

1.d4 d5 2.c4 e6 3.Nf3 Nf6 4.Nc3 Be7 5.Bf4 O-O 6.e3 Nbd7 7.c5 c6 8.h3 b6 9.b4 a5
10.a3 Bb7 11.Bd3 Qc8 12.O-O Ba6 13.Rb1 Bxd3 14.Qxd3 axb4 15.axb4 Qb7 16.Rfc1 Rfc8
17.Qc2 h6 18.Ne1 Bd8 19.Nd3 b5 20.g4 Ra6 21.f3 Rca8 22.h4 Nh7 23.Qh2 Ndf8
24.Bg3 Ra3 25.Kh1 R8a7 26.Qe2 Bc7 27.Bxc7 Qxc7 28.f4 Ng6 29.h5 Ngf8 30.Kg2 Nd7
31.Kh3 R7a6 32.Rc2 Ndf6 33.Nf2 Nd7 34.Kg2 Ndf8 35.Rcc1 Qd8 36.Qc2 Qd7 37.Rb3 Rxb3
38.Qxb3 Qe8 39.Qc2 Qa8 40.Qb2 Nf6 41.Kf3 Ra3 42.Qb1 Qa7 43.Ke2 Qa8 44.Kd2 N8d7
45.Rh1 Ne4+ 46.Nfxe4 dxe4 47.g5 hxg5 48.fxg5 Qd8 49.Nxe4 Ne5 50.Ke2 Nc4 51.h6 g6
52.Rh3 Qa8 53.Qf1 Ra2+ 54.Kf3 Ra1 55.Qg2 Qd8 56.Kg4 Rb1 57.h7+ Kh8  1-0

[Event "21st Muensterland Open"]
[Site "Senden GER"]
[Date "2003.10.19"]
[Round "4"]
[White "Csiszar,C"]
[Black "Kartsev,S"]
[Result "1/2-1/2"]
[WhiteElo "2398"]
[BlackElo "2208"]

1.d4 d5 2.c4 e6 3.Nc3 Be7 4.Nf3 Nf6 5.Bf4 O-O 6.e3 b6 7.Qc2 Na6 8.a3 c5 9.cxd5 Nxd5
10.Nxd5 exd5 11.Bd3 h6 12.Qe2 Nc7 13.Rd1 Ne6 14.Be5 Re8 15.O-O c4 16.Bb1 b5
17.Bg3 Bd6 18.Ne5 Bxe5 19.Bxe5 a5 20.Bg3 b4 21.axb4 axb4 22.f4 Ba6 23.Rf2 Nf8
24.Qf3 c3 25.bxc3 bxc3 26.f5 Nh7 27.Ba2 Ng5 28.Qxd5 Qxd5 29.Bxd5 Rad8 30.Bc6 Rxe3
31.Ra2 Bc4 32.Bf4 Bxa2 33.Bxe3 Bd5 34.Bxd5 Rxd5 35.Rc1 Ne4 36.g4 h5 37.h3 hxg4
38.hxg4 Nf6 39.g5 Ne4 40.Rf1 Ng3 41.Ra1 Nxf5 42.g6 fxg6 43.Ra8+ Kf7 44.Bf2 Nxd4
45.Rc8 Nb5 46.Be1 Rd1 47.Kf2 Rb1 48.Rc5 Rb3 49.Ke2 c2 50.Kd2 Na3 51.Bf2 g5
52.Ke2 g4 53.Be3 g3 54.Bc1 Nb5 55.Rc4 Ke6 56.Kd2 Kd5 57.Rg4 Nd4 58.Rxg7 Ke4
59.Re7+ Kf3 60.Rf7+ Kg4 61.Rg7+ Kh3 62.Rh7+ Kg2 63.Rd7 Kf2 64.Rxd4 g2 65.Rg4 Rg3
66.Rf4+ Rf3 67.Rg4 g1=Q 68.Rxg1 Kxg1 69.Kxc2 Kf2  1/2-1/2

[Event "1st Samba Cup"]
[Site "Skanderborg DEN"]
[Date "2003.10.19"]
[Round "9"]
[White "Nielsen,PH"]
[Black "Kasimdzhanov,R"]
[Result "1/2-1/2"]
[WhiteElo "2626"]
[BlackElo "2668"]

1.d4 d5 2.c4 e6 3.Nf3 Nf6 4.Nc3 Be7 5.Bf4 O-O 6.e3 Nbd7 7.c5 c6 8.Bd3 b6
9.b4 a5 10.b5 Bb7 11.bxc6 Bxc6 12.cxb6 Nxb6 13.O-O Nfd7 14.Qc2 h6 15.Nb5 Bxb5
16.Bxb5 Nc4 17.Bxc4 Rc8 18.Rab1 Rxc4 19.Qb2  1/2-1/2

[Event "LXVIII ch-ESP Gp A"]
[Site "Burgos ESP"]
[Date "2003.10.24"]
[Round "1"]
[White "Candela Perez,J"]
[Black "Narciso Dublan,M"]
[Result "1-0"]
[WhiteElo "2410"]
[BlackElo "2521"]

1.d4 d5 2.c4 e6 3.Nc3 Be7 4.Nf3 Nf6 5.Bf4 O-O 6.e3 c5 7.dxc5 Bxc5 8.cxd5 exd5
9.Be2 Nc6 10.O-O Be6 11.Rc1 Rc8 12.Bg5 Be7 13.Qa4 h6 14.Bh4 a6 15.Rfd1 Qb6
16.Qc2 Rfd8 17.Nd4 Nxd4 18.Rxd4 g5 19.Bg3 Ne4 20.Be5 Bf5 21.Qb3 Qe6 22.Bg3 Bf6
23.Rdd1 Nxg3 24.hxg3 d4 25.Qxe6 fxe6 26.exd4 Rxd4 27.Bf3 a5 28.g4 Bh7 29.Bxb7 Rb8
30.Ba6 Rxg4 31.b3 Bf5 32.Bc4 h5 33.Ne2 h4 34.f3 Rf4 35.Nxf4 gxf4 36.Rd7 a4
37.Re1 axb3 38.axb3 Kf8 39.Bxe6 Bg6 40.Bc4 Ra8 41.Re6  1-0

[Event "LXVIII ch-ESP Abierto"]
[Site "Burgos ESP"]
[Date "2003.10.24"]
[Round "1"]
[White "Iruzubieta,J"]
[Black "Diaz Rodriguez,J"]
[Result "1-0"]
[WhiteElo "2422"]
[BlackElo "2106"]

1.Nf3 d5 2.d4 Nf6 3.c4 e6 4.Nc3 Be7 5.Bf4 c6 6.e3 Nbd7 7.Qc2 O-O 8.Bd3 dxc4
9.Bxc4 b5 10.Bd3 Bb7 11.O-O a6 12.a4 Rc8 13.Rfd1 b4 14.Ne4 Nxe4 15.Bxe4 Nf6
16.Bd3 Qa5 17.Ne5 Qd5 18.Bc4 Qd8 19.Qe2 a5 20.Nd3 Qb6 21.Nc5 Rcd8 22.Nxb7 Qxb7
23.Rac1 Qb6 24.Bg5 c5 25.Bxf6 Bxf6 26.d5 exd5 27.Bxd5 Rc8 28.b3 Qc7 29.Qb5 Rfd8
30.Rd3 Be7 31.g3 h5 32.Qc4 Bf6 33.Rcd1 Qe7 34.Qf4 g6 35.Kg2 Kg7 36.Qc4 h4
37.Qb5 h3+ 38.Kf3 Bd4 39.Qc4 Qg5 40.Bb7 Rc7 41.Rxd4 Rxd4 42.Rxd4 Rxb7 43.Rd5 Qf6+
44.Ke2 Qb2+ 45.Rd2 Qc3 46.Rc2 Qxc4+ 47.Rxc4 Rc7 48.Kf3 f5 49.g4 Kf6 50.Kg3 Ke5
51.Kxh3 Kd5 52.Kg3 Re7 53.gxf5 gxf5 54.Rf4 Ke5 55.Kf3 Rg7 56.Rc4 Kd5 57.Rc1 Rg4
58.Rd1+ Kc6 59.Rh1 c4 60.bxc4 Rxc4 61.h4 Kc5 62.h5 b3 63.h6 Kb4 64.h7 Rc8
65.h8=Q Rxh8 66.Rxh8 Kxa4 67.Ke2  1-0

[Event "WYb14"]
[Site "Halkidiki GRE"]
[Date "2003.10.24"]
[Round "2"]
[White "Banusz,T"]
[Black "Rombaldoni,D"]
[Result "1-0"]
[WhiteElo "2361"]
[BlackElo "2131"]

1.d4 d5 2.Nf3 e6 3.c4 Nf6 4.Nc3 Be7 5.Bf4 O-O 6.e3 Nbd7 7.Rc1 c6 8.Bd3 Re8
9.O-O dxc4 10.Bxc4 Nd5 11.Bxd5 exd5 12.Nxd5 Bd6 13.Bxd6 cxd5 14.Qb3 Nf6 15.Bc7 Qe7
16.Be5 Qd8 17.Bxf6 gxf6 18.Rc5 b6 19.Rxd5 Qe7 20.Qa3 Be6 21.Qxe7 Rxe7 22.Rd6 Bxa2
23.Ra1 Rc7 24.h3 Bb3 25.Rxb6 Bd5 26.Rxf6 Rb8 27.Rfa6 Rxb2 28.R6a5 Be4 29.R5a2 Rxa2
30.Rxa2 Bxf3 31.gxf3 Kf8 32.Ra6 Ke7 33.Rh6 a5 34.Ra6 Rc1+ 35.Kg2 Ra1 36.e4 a4
37.Kg3 a3 38.Kf4 a2 39.d5 h5 40.e5 Rd1 41.d6+ Ke6 42.Rxa2 Rd4+ 43.Ke3 Rd5
44.f4 f6 45.Rd2 fxe5 46.Rxd5  1-0

[Event "Ralston IM"]
[Site "San Francisco USA"]
[Date "2003.10.25"]
[Round "2"]
[White "Poehlmann,R"]
[Black "Zilberstein,Dm"]
[Result "1/2-1/2"]
[WhiteElo "2192"]
[BlackElo "2355"]

1.d4 d5 2.c4 e6 3.Nc3 Be7 4.Nf3 Nf6 5.Bf4 O-O 6.e3 Nbd7 7.cxd5 Nxd5 8.Nxd5 exd5
9.Bd3 c5 10.dxc5 Nxc5 11.O-O Bg4 12.Be2 Bf6 13.Be5 Bxf3  1/2-1/2

[Event "300 Years"]
[Site "St Petersburg RUS"]
[Date "2003.10.25"]
[Round "8"]
[White "Malaniuk,V"]
[Black "Doroshkievich,V"]
[Result "1/2-1/2"]
[WhiteElo "2525"]
[BlackElo "2426"]

1.d4 d5 2.c4 e6 3.Nf3 Nf6 4.Nc3 Be7 5.Bf4 O-O 6.e3 Nbd7 7.a3 c5 8.cxd5 Nxd5
9.Nxd5 exd5 10.dxc5 Nxc5 11.Be5 Be6 12.Be2 Qb6 13.Rc1 Rfc8 14.O-O Nb3 15.Rc3 Rxc3
16.Bxc3 Rc8 17.Bd3 Nc5 18.Nd4 Nxd3 19.Qxd3 Bf6 20.Nxe6 Qxe6 21.Bxf6 Qxf6
22.Qxd5 Qxb2 23.Qd7 Rf8 24.a4 g6 25.h4 h5 26.Rd1 a6 27.Rd4 Qc1+ 28.Kh2 Qc8
29.Qe7 b5 30.axb5 Qb8+ 31.Rf4 Qxb5 32.g3 Qd5 33.Rd4 Qf3 34.Rf4 Qd5 35.e4 Qe6
36.Qa7 Re8 37.e5 Re7 38.Qa8+ Kg7  1/2-1/2

[Event "3rd Rohde Open"]
[Site "Sautron FRA"]
[Date "2003.10.26"]
[Round "2"]
[White "Koziak,V"]
[Black "Bedouin,X"]
[Result "1-0"]
[WhiteElo "2460"]
[BlackElo "2283"]

1.d4 d5 2.c4 e6 3.Nc3 Be7 4.Nf3 Nf6 5.Bf4 O-O 6.e3 c5 7.dxc5 Bxc5 8.a3 Nc6
9.Qc2 Qa5 10.Nd2 Be7 11.Be2 e5 12.Bg3 Be6 13.cxd5 Nxd5 14.Nc4 Qc7 15.Nb5 Qb8
16.O-O f5 17.e4 Ndb4 18.axb4 f4 19.Na5 Nd4 20.Nxd4 exd4 21.Bc4 Qc8 22.Rfc1 fxg3
23.hxg3 Kh8 24.Qd3 Bxb4 25.Bd5 Qd8 26.Nxb7 Qf6 27.Bxe6 Qxe6 28.Nc5 Bxc5 29.Rxc5 Rad8
30.Rxa7 Qb6 31.Rcc7 Rc8 32.Rab7 Qf6 33.f4 Rxc7 34.Rxc7 Qb6 35.Rd7 Qxb2 36.Qxd4 Qxd4+
37.Rxd4 g5 38.e5 Kg7 39.Kf2 Kg6 40.Kf3 Ra8 41.Rd6+  1-0

[Event "WYg18"]
[Site "Halkidiki GRE"]
[Date "2003.10.29"]
[Round "7"]
[White "Motoc,A"]
[Black "Gutierrez Castillo,P"]
[Result "0-1"]
[WhiteElo "2363"]
[BlackElo "2098"]

1.d4 d5 2.c4 e6 3.Nc3 Be7 4.Nf3 Nf6 5.Bf4 O-O 6.e3 c6 7.cxd5 exd5 8.Qc2 Nh5
9.Bg3 g6 10.Bd3 Ng7 11.h4 Bf5 12.Be5 Bxd3 13.Qxd3 Nd7 14.Bxg7 Kxg7 15.h5 Nf6
16.hxg6 hxg6 17.O-O-O Rh8 18.Ne5 Qc7 19.f4 Bb4 20.f5 Bxc3 21.fxg6 Ne4 22.gxf7 Bd2+
23.Kb1 Qe7 24.Rxh8 Rxh8 25.Rxd2 Nxd2+ 26.Qxd2 Qg5 27.Qf2 Rf8 28.g4 c5 29.Qf4 Qh4
30.dxc5 Qh1+ 31.Kc2 Qe4+ 32.Qxe4 dxe4 33.Kc3 Rd8 34.Kc4 Rd2 35.g5 Rxb2 36.Kd5 Rxa2
37.Ke6 Rf2 38.g6 a5 39.Nc4 Kxg6 40.Nd6 a4 41.Nc4 Rxf7 42.Ne5+ Kg7 43.Nxf7 a3
44.Nd6 a2 45.Nxb7 a1=Q 46.c6 Qc3 47.Kd7 Qxe3 48.c7 Qh3+ 49.Kd8 e3 50.Nd6 e2  0-1

[Event "3rd Rohde Open"]
[Site "Sautron FRA"]
[Date "2003.10.30"]
[Round "6"]
[White "Stocek,J"]
[Black "Koziak,V"]
[Result "1-0"]
[WhiteElo "2545"]
[BlackElo "2460"]

1.d4 d5 2.c4 e6 3.Nf3 Nf6 4.Nc3 Be7 5.Bf4 O-O 6.e3 b6 7.Rc1 c5 8.dxc5 bxc5
9.Be2 Bb7 10.O-O Nbd7 11.cxd5 exd5 12.Ne5 Nb6 13.a4 d4 14.exd4 Qxd4 15.Bg3 Rad8
16.Bf3 Ne4 17.Qxd4 Rxd4 18.a5 Nc8 19.Nxe4 Bxe4 20.Bxe4 Rxe4 21.Rfd1 f5 22.f3 Re2
23.Nc4 Rf7 24.Kf1 Re6 25.Be5 g5 26.Rd5 f4 27.Bc3 h6 28.Rcd1 Bf8 29.Rd8 Ne7
30.Re8 Ra6 31.Rdd8 Ng6 32.Ne5 Rf5 33.Rd7 Nxe5 34.Bxe5 Rf7 35.Rdd8 Rc6 36.Bd6 Rxd6
37.Rxd6 Kg7 38.Rc6 Rd7 39.a6 Bd6 40.Re6 Be7 41.Ke2 c4 42.Rxc4 Kf7 43.Rxh6 Bf6
44.h4 Bxb2 45.hxg5 Bd4 46.Rb4 Rd8 47.Rb7+ Kg8 48.Re6 Bc3 49.g4 fxg3 50.Kf1 Bd4
51.Kg2 Bf2 52.g6 Rc8 53.f4 Rf8 54.g7 Rf7 55.Rg6  1-0

[Event "Bundesliga 2003-4"]
[Site "Hofheim GER"]
[Date "2003.11.01"]
[Round "1"]
[White "Schandorff,L"]
[Black "Zude,A"]
[Result "1-0"]
[WhiteElo "2520"]
[BlackElo "2382"]

1.Nf3 d5 2.d4 Nf6 3.c4 e6 4.Nc3 Be7 5.Bf4 O-O 6.e3 b6 7.Bd3 Bb7 8.O-O c5
9.cxd5 exd5 10.Ne5 Nbd7 11.Qf3 Nxe5 12.dxe5 Ne8 13.Rad1 Nc7 14.Bc4 dxc4 15.Qxb7 Qc8
16.Qc6 Ne6 17.Qa4 a6 18.Nd5 Bd8 19.Qxc4 b5 20.Qc2 Qb7 21.Bg3 Ba5 22.Qe4 Kh8
23.f4 Rad8 24.Bh4 Rde8 25.Nf6 Qxe4 26.Nxe4 c4 27.Nd6 Bb6 28.Nxe8 Bxe3+ 29.Bf2 Bxf2+
30.Kxf2 Rxe8 31.Ke3 g6 32.Rd5 Kg7 33.f5 gxf5 34.Rxf5 Re7 35.Rd6 Ra7 36.Kd2 b4
37.Rf3 a5 38.Rg3+ Kf8 39.Rh3 Rc7 40.Rxh7 Rc5 41.Rd7 Ng5 42.Rd8+ Ke7 43.Rhh8 Ke6
44.h4 Ne4+ 45.Ke3 c3 46.bxc3 bxc3 47.Rc8  1-0

[Event "7th BayEM"]
[Site "Bad Wiessee GER"]
[Date "2003.11.08"]
[Round "1"]
[White "Stimpel,F"]
[Black "Baum,K"]
[Result "1-0"]
[WhiteElo "2373"]
[BlackElo "2030"]

1.d4 Nf6 2.c4 e6 3.Nc3 d5 4.Nf3 Be7 5.Bf4 O-O 6.e3 Nbd7 7.h3 c6 8.Qc2 dxc4
9.Bxc4 Nd5 10.Bh2 Bb4 11.O-O Bxc3 12.bxc3 Qa5 13.Rfc1 b6 14.e4 Ne7 15.Bd6 Re8
16.e5 Ng6 17.Bb4 Ndxe5 18.Bxa5 Nxc4 19.Bb4 a5 20.Qb3 Ba6 21.Ba3 Nf4 22.Rd1 Ne2+
23.Kh2 a4 24.Qb4 Nf4 25.Bc1 Nd5 26.Qxa4 Nxc3 27.Qc2 Nxd1 28.Qxd1 Red8 29.Qc2 Rd5
30.Ng5 g6 31.Qe4 Nd6 32.Qh4 h5 33.Qf4 Nf5 34.Be3 Bc4 35.g4 hxg4 36.hxg4 Nd6
37.Kg2 Raa5 38.Qf6 Rxg5 39.Bxg5 Ne4 40.Qd8+ Kg7 41.Rh1 Bf1+ 42.Kxf1  1-0

[Event "TCh-CZE Extraliga 2003-4"]
[Site "Czech Rep CZE"]
[Date "2003.11.09"]
[Round "2"]
[White "Polak,T"]
[Black "Prandstetter,E"]
[Result "1/2-1/2"]
[WhiteElo "2482"]
[BlackElo "2355"]

1.d4 Nf6 2.c4 e6 3.Nf3 d5 4.Nc3 Be7 5.Bf4 O-O 6.e3 c5 7.dxc5 Bxc5 8.cxd5 Nxd5
9.Nxd5 exd5 10.a3 Nc6 11.Bd3 Bb6 12.O-O Bg4 13.h3 Bh5 14.b4 a6 15.Rc1 d4
16.e4 Re8 17.g4 Bg6 18.Re1 f6 19.Bc4+ Kh8 20.Bd5 Qd7 21.Qb3 Ne5 22.Nh4 Bf7
23.Bxf7 Nxf7 24.Nf3 Ne5 25.Kg2 Rad8 26.Red1 h6 27.Bg3  1/2-1/2

[Event "ch-UKR"]
[Site "Simferopol UKR"]
[Date "2003.11.11"]
[Round "8"]
[White "Tishin,D"]
[Black "Biliy,V"]
[Result "1-0"]
[WhiteElo "2334"]
[BlackElo "2422"]

1.d4 d5 2.c4 e6 3.Nf3 Nf6 4.Nc3 Be7 5.Bf4 O-O 6.e3 c5 7.dxc5 Bxc5 8.cxd5 Nxd5
9.Nxd5 exd5 10.Bd3 Bb4+ 11.Ke2 Bg4 12.Qc2 Qf6 13.Rad1 Re8 14.Kf1 h6 15.h3 Bxf3
16.gxf3 Nc6 17.Kg2 d4 18.Be4 Rac8 19.Qb1 Bc5 20.Rhe1 dxe3 21.fxe3 Rcd8 22.Qc2 Bd6
23.Bxd6 Rxd6 24.Rxd6 Qxd6 25.Rd1 Qe6 26.a3 Ne7 27.Qa4 Ng6 28.Qd7 Nh4+ 29.Kh1 g5
30.Qxe6 Rxe6 31.Rd7 Kf8 32.Bd5 Rxe3 33.Rxf7+ Ke8 34.Rxb7 Nxf3 35.Rxa7 Ne5
36.Bg2 Nd3 37.b4 Nf4 38.Bc6+ Kd8 39.b5 Rxh3+ 40.Kg1 Rb3 41.a4 g4 42.Rf7 Rb4
43.Kh2 h5 44.Rd7+ Kc8 45.Rg7 Rb2+ 46.Kg3 Ne2+ 47.Kh4 Nd4 48.Be4 Nxb5 49.axb5 Rxb5  1-0

[Event "TCh-SLO"]
[Site "Celje SLO"]
[Date "2003.11.17"]
[Round "2"]
[White "Ruck,R"]
[Black "Beliavsky,A"]
[Result "1/2-1/2"]
[WhiteElo "2551"]
[BlackElo "2667"]

1.Nf3 Nf6 2.c4 e6 3.Nc3 d5 4.d4 Be7 5.Bf4 O-O 6.e3 c5 7.dxc5 Bxc5 8.cxd5 Nxd5
9.Nxd5 exd5 10.a3 Nc6 11.Bd3 Bb6 12.O-O d4 13.e4 Bg4 14.h3 Qf6 15.hxg4 Qxf4
16.Nh2 Rac8 17.g3 Qd6 18.Kg2 Ne5 19.f4 Nc4 20.Bxc4 Rxc4 21.Qd3 Rfc8 22.Rf2 Qc6
23.Nf3 Rc1 24.Rxc1 Qxc1 25.Re2 h6 26.e5 Qc6 27.Kh2 Qc4 28.Ne1 Qd5 29.Nf3 Rc1
30.g5 hxg5 31.e6 fxe6 32.Qg6 Qc6 33.f5 Rc2 34.Nd2 d3 35.fxe6 dxe2 36.Qf7+ Kh7
37.Qh5+ Kg8  1/2-1/2

[Event "Bundesliga 2003-4"]
[Site "St Ingbert GER"]
[Date "2003.11.22"]
[Round "3"]
[White "Gustafsson,J"]
[Black "Zude,A"]
[Result "1-0"]
[WhiteElo "2571"]
[BlackElo "2382"]

1.d4 d5 2.c4 e6 3.Nf3 Nf6 4.Nc3 Be7 5.Bf4 O-O 6.e3 Nbd7 7.a3 c5 8.cxd5 Nxd5
9.Nxd5 exd5 10.dxc5 Nxc5 11.Be5 Bf5 12.Be2 Qb6 13.O-O Be4 14.b4 Nd7 15.Bd4 Qg6
16.Rc1 Bd6 17.g3 Qe6 18.Ng5 Qe7 19.Nxe4 dxe4 20.Qc2 a5 21.Rfd1 axb4 22.axb4 Rfd8
23.b5 Ba3 24.Ra1 Rac8 25.Qa4 Bc5 26.Bb2 Bb6 27.Bg4 Nc5 28.Qb4 Rxd1+ 29.Rxd1 Rd8
30.Bd4 h6 31.h4 Rd5 32.Kg2 Qf8 33.Qc4 Rxd4 34.Rxd4 Bc7 35.Bh5 Qe7 36.Rd5 b6
37.Rf5 Ne6 38.Bxf7+  1-0

[Event "Bundesliga 2003-4"]
[Site "Baden Baden GER"]
[Date "2003.11.23"]
[Round "4"]
[White "Steingrimsson,H"]
[Black "Boensch,U"]
[Result "0-1"]
[WhiteElo "2396"]
[BlackElo "2545"]

1.d4 d5 2.c4 e6 3.Nc3 Nf6 4.Nf3 Be7 5.Bf4 O-O 6.e3 Nbd7 7.h3 c5 8.cxd5 Nxd5
9.Nxd5 exd5 10.dxc5 Nxc5 11.Be5 Ne6 12.Be2 Bb4+ 13.Kf1 Be7 14.Qd2 Nc5 15.Nd4 Ne4
16.Qe1 Re8 17.Nf3 a5 18.g3 Bb4 19.Qd1 Nd2+ 20.Nxd2 Rxe5 21.Nf3 Re8 22.Kg2 Bf5
23.Bd3 Be4 24.Rc1 Qb6 25.Qe2 Be7 26.Rhd1 Bf6 27.Bxe4 dxe4 28.Nd4 Rac8 29.Rxc8 Rxc8
30.Qg4 Re8 31.b3 g6 32.a4 h5 33.Qf4 Bxd4 34.Rxd4 Qxb3 35.Rd7 b6 36.Rb7 Qe6
37.Qg5 Qc6 38.Ra7 Kg7 39.Qf4 Qe6 40.Rb7 Re7 41.Rb8 Re8 42.Rb7 Rc8 43.g4 Rc5
44.gxh5 Rxh5 45.Qg4 Rf5 46.Qh4 Qd6 47.Ra7 Qd5 48.Rc7 Qe5 49.Rc1 Rg5+ 50.Kh1 Qf5
51.Kh2 Qf6 52.Qf4 Rf5 53.Qxe4 Rxf2+ 54.Kg1 Rd2 55.Rf1 Qg5+ 56.Kh1 Qg3 57.Qe5+ Qxe5  0-1

[Event "TCh-SLO"]
[Site "Celje SLO"]
[Date "2003.11.23"]
[Round "9"]
[White "Dizdar,G"]
[Black "Zupe,M"]
[Result "1/2-1/2"]
[WhiteElo "2530"]
[BlackElo "2367"]

1.d4 Nf6 2.Nf3 d5 3.c4 e6 4.Nc3 Be7 5.Bf4 O-O 6.e3 c5 7.dxc5 Bxc5 8.Be2 dxc4
9.Bxc4 a6 10.Qe2 b5 11.Bd3 Bb7 12.O-O Nbd7 13.Rfd1 Qe7 14.Bg5 Rfc8 15.a4 b4
16.Be4 Nf8 17.Bxf6 gxf6 18.Bxb7 Qxb7 19.Nb1 Be7 20.Nbd2 Rc7 21.Rac1 Rac8
22.Nb3 f5 23.Na5 Qb6 24.Nc4 Qb7 25.Nfe5 Rc5 26.b3 R8c7 27.h3 Ng6 28.Nxg6 hxg6
29.Rc2 Kg7 30.Rcd2 a5 31.Qf3 Qa7 32.Qe2 Qb7 33.Rd3 Qc6 34.Qb2+ Bf6 35.Qc2 Qe4
36.R3d2 Rxc4 37.bxc4 Rxc4 38.Qxe4 fxe4 39.g4 b3 40.Rb1 b2 41.Rbxb2 Bxb2 42.Rxb2 Rxa4
43.Rb5  1/2-1/2

[Event "13th WSen"]
[Site "Bad Zwischenahn GER"]
[Date "2003.11.26"]
[Round "8"]
[White "Viner,P"]
[Black "Jahr,D"]
[Result "1-0"]
[WhiteElo "2177"]
[BlackElo "2051"]

1.d4 d5 2.c4 e6 3.Nf3 Nf6 4.Nc3 Be7 5.Bf4 O-O 6.e3 c6 7.a3 dxc4 8.Bxc4 Nd5
9.Bg3 Bd6 10.Qc2 g6 11.Bxd6 Qxd6 12.Ne4 Qe7 13.h4 f5 14.Neg5 b5 15.Bd3 Nf6
16.Ne5 Bb7 17.Qb3 Nd5 18.Rc1 Rc8 19.Ngf7 Nd7 20.h5 Nxe5 21.Nxe5 g5 22.Rc5 Nf6
23.Bxf5 Nd5 24.Bg4 Rd8 25.O-O Nf6 26.Rfc1 Nxg4 27.Nxg4 Kh8 28.Qc3 Qg7 29.h6 Qc7
30.Rxg5  1-0

[Event "Open Bali A"]
[Site "Benidorm ESP"]
[Date "2003.11.26"]
[Round "7"]
[White "Goormachtigh,J"]
[Black "Celaya Tapiz,J"]
[Result "1-0"]
[WhiteElo "2266"]
[BlackElo "2213"]

1.d4 d5 2.c4 e6 3.Nc3 Nf6 4.Nf3 Be7 5.Bf4 c6 6.e3 h6 7.h3 Qa5 8.Nd2 O-O 9.Bd3 Qd8
10.O-O Bd6 11.Nf3 Bxf4 12.exf4 dxc4 13.Bxc4 Nd5 14.Qd2 Nd7 15.Rfe1 Nxc3 16.Qxc3 Qf6
17.g3 c5 18.Rac1 cxd4 19.Qxd4 b6 20.Ne5 Nxe5 21.fxe5 Qf5 22.Bd3 Qg5 23.Qe4 g6
24.Qxa8 Ba6 25.Qe4 Bxd3 26.Qxd3 Rd8 27.Qe3 Qh5 28.Rc4 g5 29.g4 Qg6 30.Qe4 Qg7
31.Rec1 Qf8 32.Qc2 Kg7 33.Rc8 Rxc8 34.Qxc8 Qb4 35.Qd8  1-0

[Event "ch-GRE"]
[Site "Aspropyrgos GRE"]
[Date "2003.12.01"]
[Round "3"]
[White "Simeonidis,I"]
[Black "Halkias,S"]
[Result "0-1"]
[WhiteElo "2340"]
[BlackElo "2546"]

1.d4 d5 2.c4 e6 3.Nf3 Nf6 4.Nc3 Be7 5.Bf4 O-O 6.e3 Nbd7 7.a3 c6 8.Bd3 dxc4
9.Bxc4 b5 10.Bd3 a6 11.e4 Bb7 12.e5 Nd5 13.Nxd5 cxd5 14.h4 f5 15.g4 fxg4
16.Bxh7+ Kh8 17.Ng5 Rxf4 18.Nxe6 Qa5+ 19.b4 Bxb4+ 20.Kf1 Raf8 21.Nxf4 Rxf4
22.axb4 Qxb4 23.Qb1 Rxd4 24.Qc2 Qc4+ 25.Kg1 Qxc2 26.Bxc2 Nxe5 27.Rd1 Rxd1+
28.Bxd1 d4 29.Rh2 Nf3+ 30.Bxf3 Bxf3 31.Kf1 b4  0-1

[Event "33rd Rilton Cup"]
[Site "Stockholm SWE"]
[Date "2003.12.02"]
[Round "6"]
[White "Ivanov,Se1"]
[Black "Taimanov,M"]
[Result "1/2-1/2"]
[WhiteElo "2556"]
[BlackElo "2407"]

1.d4 Nf6 2.c4 e6 3.Nf3 d5 4.Nc3 Be7 5.Bf4 O-O 6.e3 Nbd7 7.Qc2 c6 8.Rd1 Nh5
9.Be5 f6 10.Bg3 f5 11.Bd3 Nxg3 12.hxg3 Nf6 13.c5 Ng4 14.b4 b5 15.Ne5 Nxe5
16.dxe5 a5 17.a3 Rf7 18.Ne2 axb4 19.axb4 Bf8 20.Nd4 Ra6 21.O-O Rfa7 22.Rb1 Bd7
23.f4 h5 24.Rfc1 Ra2  1/2-1/2